<?xml version="1.0" encoding="UTF-8"?>
<record
    xmlns:xsi="http://www.w3.org/2001/XMLSchema-instance"
    xsi:schemaLocation="http://www.loc.gov/MARC21/slim http://www.loc.gov/standards/marcxml/schema/MARC21slim.xsd"
    xmlns="http://www.loc.gov/MARC21/slim">

  <leader>01473nam a2200373Ia 4500</leader>
  <controlfield tag="005">20220317000117.0</controlfield>
  <controlfield tag="007">ta</controlfield>
  <controlfield tag="008">210824s20132017mx a   cr     000 jdspa d</controlfield>
  <datafield tag="020" ind1=" " ind2=" ">
    <subfield code="a">9789681661342</subfield>
  </datafield>
  <datafield tag="040" ind1=" " ind2=" ">
    <subfield code="a">CO-BoRNBP</subfield>
    <subfield code="b">spa</subfield>
    <subfield code="e">rda</subfield>
    <subfield code="c">CO-BoRNBP</subfield>
  </datafield>
  <datafield tag="041" ind1="0" ind2=" ">
    <subfield code="a">spa</subfield>
  </datafield>
  <datafield tag="043" ind1=" " ind2=" ">
    <subfield code="a">s-ck---</subfield>
  </datafield>
  <datafield tag="084" ind1=" " ind2=" ">
    <subfield code="a">C ARC1</subfield>
  </datafield>
  <datafield tag="100" ind1="1" ind2=" ">
    <subfield code="a">Arciniegas, Triunfo</subfield>
    <subfield code="d">1957-</subfield>
    <subfield code="e">autor</subfield>
  </datafield>
  <datafield tag="245" ind1="1" ind2="3">
    <subfield code="a">El vampiro y otras visitas</subfield>
    <subfield code="c">Triunfo Arciniegas; ilustraciones de Jotav&#xE9;</subfield>
  </datafield>
  <datafield tag="250" ind1=" " ind2=" ">
    <subfield code="a">Primera edici&#xF3;n</subfield>
    <subfield code="b">Decima reimpresi&#xF3;n</subfield>
  </datafield>
  <datafield tag="264" ind1=" " ind2="1">
    <subfield code="a">M&#xE9;xico</subfield>
    <subfield code="b">Fondo de Cultura Econ&#xF3;mica</subfield>
    <subfield code="c">2013</subfield>
    <subfield code="c">2017</subfield>
  </datafield>
  <datafield tag="300" ind1=" " ind2=" ">
    <subfield code="a">61 p&#xE1;ginas</subfield>
    <subfield code="b">ilustraciones </subfield>
    <subfield code="c">19 cm</subfield>
  </datafield>
  <datafield tag="336" ind1=" " ind2=" ">
    <subfield code="a">texto</subfield>
    <subfield code="b">txt</subfield>
    <subfield code="2">rdacontent</subfield>
  </datafield>
  <datafield tag="337" ind1=" " ind2=" ">
    <subfield code="a">sin mediaci&#xF3;n</subfield>
    <subfield code="b">n</subfield>
    <subfield code="2">rdamedia</subfield>
  </datafield>
  <datafield tag="338" ind1=" " ind2=" ">
    <subfield code="a">volumen</subfield>
    <subfield code="b">nc</subfield>
    <subfield code="2">rdacarrier</subfield>
  </datafield>
  <datafield tag="490" ind1="0" ind2=" ">
    <subfield code="a">A la orilla del viento</subfield>
    <subfield code="p">131</subfield>
  </datafield>
  <datafield tag="505" ind1="3" ind2=" ">
    <subfield code="t">El profe Mambr&#xFA; </subfield>
    <subfield code="t">La gallina de Emperatriz</subfield>
    <subfield code="t">Patas de pulga</subfield>
    <subfield code="t"> El &#xE1;ngel</subfield>
    <subfield code="t">La moneda del diablo</subfield>
    <subfield code="t"> El t&#xED;o Alejandro Almen&#xE1;bar</subfield>
    <subfield code="t">La muerta</subfield>
    <subfield code="t">El vampiro y la niebla</subfield>
  </datafield>
  <datafield tag="521" ind1=" " ind2=" ">
    <subfield code="a">Recomendado para un p&#xFA;blico infantil mayor de 6 a&#xF1;os</subfield>
  </datafield>
  <datafield tag="545" ind1=" " ind2=" ">
    <subfield code="a">Incluye datos biogr&#xE1;ficos del autor e ilustrador en la contracar&#xE1;tula</subfield>
  </datafield>
  <datafield tag="650" ind1="1" ind2="7">
    <subfield code="a">Cuentos infantiles colombianos</subfield>
    <subfield code="y">Siglo XX</subfield>
    <subfield code="2">LEMB</subfield>
  </datafield>
  <datafield tag="650" ind1="1" ind2="7">
    <subfield code="a">Literatura infantil colombiana</subfield>
    <subfield code="y">Siglo XX</subfield>
    <subfield code="2">LEMB</subfield>
  </datafield>
  <datafield tag="650" ind1="1" ind2="7">
    <subfield code="a">Autores colombianos</subfield>
    <subfield code="y">Siglo XX</subfield>
    <subfield code="2">LEMB</subfield>
  </datafield>
  <datafield tag="650" ind1="1" ind2="7">
    <subfield code="a">Visitas</subfield>
    <subfield code="v">Cuentos</subfield>
    <subfield code="2">LEMB</subfield>
  </datafield>
  <datafield tag="650" ind1="1" ind2="7">
    <subfield code="a">Vampiros</subfield>
    <subfield code="v">Cuentos</subfield>
    <subfield code="2">LEMB</subfield>
  </datafield>
  <datafield tag="650" ind1="1" ind2="7">
    <subfield code="a">&#xC1;ngeles</subfield>
    <subfield code="v">Cuentos</subfield>
    <subfield code="2">LEMB</subfield>
  </datafield>
  <datafield tag="700" ind1="1" ind2=" ">
    <subfield code="a">Jotav&#xE9;</subfield>
    <subfield code="e">ilustrador</subfield>
    <subfield code="9">183870</subfield>
  </datafield>
  <datafield tag="942" ind1=" " ind2=" ">
    <subfield code="2">loc</subfield>
    <subfield code="c">BKINF</subfield>
  </datafield>
  <datafield tag="999" ind1=" " ind2=" ">
    <subfield code="c">3131</subfield>
    <subfield code="d">3131</subfield>
  </datafield>
  <datafield tag="952" ind1=" " ind2=" ">
    <subfield code="0">0</subfield>
    <subfield code="1">0</subfield>
    <subfield code="2">ddc</subfield>
    <subfield code="4">0</subfield>
    <subfield code="7">0</subfield>
    <subfield code="8">INF</subfield>
    <subfield code="a">MEDORADO</subfield>
    <subfield code="b">MEDORADO</subfield>
    <subfield code="c">SInf</subfield>
    <subfield code="d">2023-03-02</subfield>
    <subfield code="l">0</subfield>
    <subfield code="o"> C ARC1</subfield>
    <subfield code="p">DOR02455</subfield>
    <subfield code="r">2023-03-02 00:00:00</subfield>
    <subfield code="t">Ej.1</subfield>
    <subfield code="w">2023-03-02</subfield>
    <subfield code="y">BKINF</subfield>
  </datafield>
  <datafield tag="952" ind1=" " ind2=" ">
    <subfield code="0">0</subfield>
    <subfield code="1">0</subfield>
    <subfield code="2">ddc</subfield>
    <subfield code="4">0</subfield>
    <subfield code="7">0</subfield>
    <subfield code="8">INF</subfield>
    <subfield code="a">MECASARI</subfield>
    <subfield code="b">MECASARI</subfield>
    <subfield code="c">SInf</subfield>
    <subfield code="d">2023-03-30</subfield>
    <subfield code="l">0</subfield>
    <subfield code="o">CARC1EJ.1</subfield>
    <subfield code="p">MDA000027</subfield>
    <subfield code="r">2023-03-30 00:00:00</subfield>
    <subfield code="t">Ej.1</subfield>
    <subfield code="w">2023-03-30</subfield>
    <subfield code="y">BKINF</subfield>
  </datafield>
  <datafield tag="952" ind1=" " ind2=" ">
    <subfield code="0">0</subfield>
    <subfield code="1">0</subfield>
    <subfield code="2">ddc</subfield>
    <subfield code="4">0</subfield>
    <subfield code="7">0</subfield>
    <subfield code="a">MEPRICO</subfield>
    <subfield code="b">MEPRICO</subfield>
    <subfield code="c">SInf</subfield>
    <subfield code="d">2023-06-14</subfield>
    <subfield code="l">0</subfield>
    <subfield code="o">C ARC1 EJ. 1</subfield>
    <subfield code="p">PR0000012317</subfield>
    <subfield code="r">2023-06-14 00:00:00</subfield>
    <subfield code="t">Ej.1</subfield>
    <subfield code="w">2023-06-14</subfield>
    <subfield code="y">BKINF</subfield>
  </datafield>
  <datafield tag="952" ind1=" " ind2=" ">
    <subfield code="0">0</subfield>
    <subfield code="1">0</subfield>
    <subfield code="2">ddc</subfield>
    <subfield code="4">0</subfield>
    <subfield code="7">0</subfield>
    <subfield code="8">INF</subfield>
    <subfield code="a">MESMARTI</subfield>
    <subfield code="b">MESMARTI</subfield>
    <subfield code="c">SInf</subfield>
    <subfield code="d">2023-07-10</subfield>
    <subfield code="l">0</subfield>
    <subfield code="o">C ARC1</subfield>
    <subfield code="p">SM00718</subfield>
    <subfield code="r">2023-07-10 00:00:00</subfield>
    <subfield code="t">Ej.1</subfield>
    <subfield code="w">2023-07-10</subfield>
    <subfield code="y">BKINF</subfield>
  </datafield>
  <datafield tag="952" ind1=" " ind2=" ">
    <subfield code="0">0</subfield>
    <subfield code="1">0</subfield>
    <subfield code="2">ddc</subfield>
    <subfield code="4">0</subfield>
    <subfield code="7">0</subfield>
    <subfield code="8">INF</subfield>
    <subfield code="a">MESJUANI</subfield>
    <subfield code="b">MESJUANI</subfield>
    <subfield code="c">SInf</subfield>
    <subfield code="d">2024-01-24</subfield>
    <subfield code="l">0</subfield>
    <subfield code="o">C ARC1</subfield>
    <subfield code="p">SJU00366</subfield>
    <subfield code="r">2024-01-24 21:00:43</subfield>
    <subfield code="t">Ej.1</subfield>
    <subfield code="w">2024-01-24</subfield>
    <subfield code="y">BKINF</subfield>
  </datafield>
  <datafield tag="952" ind1=" " ind2=" ">
    <subfield code="0">0</subfield>
    <subfield code="1">0</subfield>
    <subfield code="2">ddc</subfield>
    <subfield code="4">0</subfield>
    <subfield code="7">0</subfield>
    <subfield code="8">INF</subfield>
    <subfield code="a">MEMACARE</subfield>
    <subfield code="b">MEMACARE</subfield>
    <subfield code="c">SInf</subfield>
    <subfield code="d">2024-06-19</subfield>
    <subfield code="l">0</subfield>
    <subfield code="o">C  ARC1</subfield>
    <subfield code="p">LM001487</subfield>
    <subfield code="r">2024-06-19 15:14:09</subfield>
    <subfield code="t">Ej.1</subfield>
    <subfield code="w">2024-06-19</subfield>
    <subfield code="y">BKINF</subfield>
  </datafield>
  <datafield tag="952" ind1=" " ind2=" ">
    <subfield code="0">0</subfield>
    <subfield code="1">0</subfield>
    <subfield code="2">ddc</subfield>
    <subfield code="4">0</subfield>
    <subfield code="7">0</subfield>
    <subfield code="a">MEMESETA</subfield>
    <subfield code="b">MEMESETA</subfield>
    <subfield code="d">2024-07-19</subfield>
    <subfield code="l">0</subfield>
    <subfield code="o">ARC1</subfield>
    <subfield code="p">9789681661342</subfield>
    <subfield code="r">2024-07-19 14:37:22</subfield>
    <subfield code="t">Ej.1</subfield>
    <subfield code="w">2024-07-19</subfield>
    <subfield code="y">BKINF</subfield>
  </datafield>
  <datafield tag="952" ind1=" " ind2=" ">
    <subfield code="0">0</subfield>
    <subfield code="1">0</subfield>
    <subfield code="4">0</subfield>
    <subfield code="7">0</subfield>
    <subfield code="8">InfPoTi</subfield>
    <subfield code="a">MEVIGERR</subfield>
    <subfield code="b">MEVIGERR</subfield>
    <subfield code="c">SInf</subfield>
    <subfield code="d">2015-01-23</subfield>
    <subfield code="o">C ARC1</subfield>
    <subfield code="p">ECAICM23675</subfield>
    <subfield code="r">2024-11-26 09:37:04</subfield>
    <subfield code="t">Ej.1</subfield>
    <subfield code="w">2024-11-26</subfield>
    <subfield code="y">BK</subfield>
    <subfield code="z">17634 | 22595</subfield>
  </datafield>
  <datafield tag="952" ind1=" " ind2=" ">
    <subfield code="0">0</subfield>
    <subfield code="1">0</subfield>
    <subfield code="4">0</subfield>
    <subfield code="7">0</subfield>
    <subfield code="8">001</subfield>
    <subfield code="a">MEVIGERR</subfield>
    <subfield code="b">MEVIGERR</subfield>
    <subfield code="c">GEN</subfield>
    <subfield code="d">2004-08-04</subfield>
    <subfield code="h">Vol.1</subfield>
    <subfield code="o">C ARC1</subfield>
    <subfield code="p">ECA15703</subfield>
    <subfield code="r">2024-11-26 09:37:04</subfield>
    <subfield code="t">Ej.1</subfield>
    <subfield code="w">2024-11-26</subfield>
    <subfield code="y">BK</subfield>
    <subfield code="z">1541 | 1824</subfield>
  </datafield>
  <datafield tag="952" ind1=" " ind2=" ">
    <subfield code="0">0</subfield>
    <subfield code="1">0</subfield>
    <subfield code="2">ddc</subfield>
    <subfield code="4">0</subfield>
    <subfield code="7">0</subfield>
    <subfield code="a">MEFTEORO</subfield>
    <subfield code="b">MEFTEORO</subfield>
    <subfield code="c">SInf</subfield>
    <subfield code="d">2025-04-07</subfield>
    <subfield code="l">0</subfield>
    <subfield code="o">C ARC1</subfield>
    <subfield code="p">Fo00002285</subfield>
    <subfield code="r">2025-04-07 17:54:48</subfield>
    <subfield code="t">Ej.1</subfield>
    <subfield code="w">2025-04-07</subfield>
    <subfield code="y">BKINF</subfield>
  </datafield>
  <datafield tag="952" ind1=" " ind2=" ">
    <subfield code="0">0</subfield>
    <subfield code="1">0</subfield>
    <subfield code="2">ddc</subfield>
    <subfield code="4">0</subfield>
    <subfield code="7">0</subfield>
    <subfield code="8">INF</subfield>
    <subfield code="a">MEMACYARI</subfield>
    <subfield code="b">MEMACYARI</subfield>
    <subfield code="c">SInf</subfield>
    <subfield code="d">2024-11-08</subfield>
    <subfield code="e">ministerio de cultura</subfield>
    <subfield code="f">BPM'1184</subfield>
    <subfield code="l">0</subfield>
    <subfield code="o">C ARC1</subfield>
    <subfield code="p">BPM'1184</subfield>
    <subfield code="r">2025-06-03 16:26:13</subfield>
    <subfield code="t">Ej.1</subfield>
    <subfield code="w">2025-06-03</subfield>
    <subfield code="y">BKINF</subfield>
  </datafield>
  <datafield tag="952" ind1=" " ind2=" ">
    <subfield code="0">0</subfield>
    <subfield code="1">0</subfield>
    <subfield code="2">ddc</subfield>
    <subfield code="4">0</subfield>
    <subfield code="7">0</subfield>
    <subfield code="8">INF</subfield>
    <subfield code="a">MEMACARE</subfield>
    <subfield code="b">MEMACARE</subfield>
    <subfield code="c">SInf</subfield>
    <subfield code="d">2025-06-25</subfield>
    <subfield code="l">0</subfield>
    <subfield code="o">C ARC1</subfield>
    <subfield code="p">LM02261</subfield>
    <subfield code="r">2025-06-25 14:27:54</subfield>
    <subfield code="t">Ej.1</subfield>
    <subfield code="w">2025-06-25</subfield>
    <subfield code="y">BKINF</subfield>
  </datafield>
  <datafield tag="952" ind1=" " ind2=" ">
    <subfield code="0">0</subfield>
    <subfield code="1">0</subfield>
    <subfield code="2">ddc</subfield>
    <subfield code="4">0</subfield>
    <subfield code="7">0</subfield>
    <subfield code="8">INF</subfield>
    <subfield code="a">MEURIBE</subfield>
    <subfield code="b">MEURIBE</subfield>
    <subfield code="c">SInf</subfield>
    <subfield code="d">2025-07-03</subfield>
    <subfield code="l">0</subfield>
    <subfield code="o">C ARC1</subfield>
    <subfield code="p">URI02658</subfield>
    <subfield code="r">2025-07-03 12:09:48</subfield>
    <subfield code="t">Ej.1</subfield>
    <subfield code="w">2025-07-03</subfield>
    <subfield code="y">BKINF</subfield>
  </datafield>
  <datafield tag="952" ind1=" " ind2=" ">
    <subfield code="0">0</subfield>
    <subfield code="1">0</subfield>
    <subfield code="2">ddc</subfield>
    <subfield code="4">0</subfield>
    <subfield code="7">0</subfield>
    <subfield code="8">INF</subfield>
    <subfield code="a">MEPLLERAS</subfield>
    <subfield code="b">MEPLLERAS</subfield>
    <subfield code="c">LIT</subfield>
    <subfield code="d">2025-10-02</subfield>
    <subfield code="l">0</subfield>
    <subfield code="o">C ARC1</subfield>
    <subfield code="p">PLL01585</subfield>
    <subfield code="r">2025-10-02 21:43:48</subfield>
    <subfield code="t">Ej.1</subfield>
    <subfield code="w">2025-10-02</subfield>
    <subfield code="y">BKINF</subfield>
  </datafield>
</record>
